| 000 | 01461nam0a2200373 4500 | ||
|---|---|---|---|
| 001 | RU\NLR\BIBL_A\012431549 | ||
| 005 | 20210126121640.0 | ||
| 010 |
_a978-5-17-122338-0 _92500 |
||
| 021 |
_aRU _bКН-П-20-054231 _9КН-П-20-4049 |
||
| 035 | _a(NLR Aleph) 012431549 | ||
| 035 | _a(RuMoRGB)010421082 | ||
| 090 |
_a11878394 _c11878395 |
||
| 100 | _a20210113d2020 u y0rusy50 ca | ||
| 101 | 1 |
_arus _ceng |
|
| 102 | _aRU | ||
| 105 | _ay|||z|||000ay | ||
| 181 | 0 |
_ai _baxxe |
|
| 182 | 0 | _an | |
| 200 | 1 |
_aИстории Асгарда _eтрилогия _fКит Р. А. Де Кандидо _g[перевод с английского Всеслава Тишкина и др.] _gMarvel |
|
| 203 |
_aТекст _bвизуальный _cнепосредственный |
||
| 210 |
_aМосква _cАСТ _d2020 |
||
| 215 |
_a477, [2] с. _d21 |
||
| 225 | 1 | _aСерия "Вселенная Marvel" | |
| 225 | 1 |
_aMarvel _iТор |
|
| 327 | 1 | _aСодерж.: Тор. Битва с великанами; Сиф. Даже драконам приходит конец; Троица воинов.Немощь богов | |
| 333 | _a12+ | ||
| 686 | 1 | _aШ6(7США)67-445{Лх1979-62} | |
| 700 | 1 |
_7ca _8rus _aДе Кандидо _bК. Р. А. _f1969- _gКит Р. А. _991790 _3RU\NLR\AUTH\77108865 |
|
| 942 | _cBOOK | ||
| 980 | _aNBR | ||
| 980 | _aNB | ||